লোডিং...

The National Air and Space Museum

গ্রন্থ-পঞ্জীর বিবরন
প্রধান লেখক: Bryan, C D B
বিন্যাস: Printed Book
প্রকাশিত: Toronto, Bantam Books 1982
মালা:2
বিষয়গুলি:
LEADER 004630000a22001570004500
082 |a 629.11 M2.2 
100 |a Bryan, C D B 
245 |a The National Air and Space Museum 
260 |a Toronto, Bantam Books 
260 |c 1982 
490 |a 2 
650 |a Aeronautical Museums 
650 |a Space museums 
942 |c BK 
999 |c 2334  |d 2334 
952 |0 0  |1 0  |4 0  |6 629_110000000000000_M2_2  |7 0  |8 REF  |9 2126  |a MGUL  |b MGUL  |d 2013-07-16  |l 0  |o 629.11 M2.2  |p 04852  |r 2013-07-16  |w 2013-07-16  |y REF